Квиз о Византији - Statistics

General Stats
  • This quiz has been taken 98 times
  • The average score is 12 of 20
Answer Stats
Траг Одговор % Correct
Престоница Византије Константинопољ
95%
Званична државна религија (након 380. године) Хришћанство
92%
Византијско царство је било изданак овог царства {Римско} царство
91%
Царство које је коначно покорило Византију 1453. {Османско} царство
91%
Највећа светска катедрала више од 900 година Аја {Софија}
89%
Мисионари који су у 9. веку ширили писменост међу Словенима Ћирило
81%
Мисионари који су у 9. веку ширили писменост међу Словенима Методије
79%
Древни трговачки пут између Кине и Византије Пут {свиле}
78%
Хунски освајач са којим се Византија борила и коме је плаћала данак Атила
74%
Назив за одвајање католичке и православне цркве 1054. године Велики {раскол}
74%
Италијански град-држава који је током Четвртог крсташког рата одузео многе територије Византији Венеција
72%
Примарни језик Византијског царства Грчки
68%
Име овог града пре 330. године Византион
53%
Повремено су ове слике светитеља биле забрањиване Иконе
51%
„Велики“ цар који је поново освојио Италију и реформисао правни законик Јустинијан
47%
Његова моћна супруга, бивша глумица и проститутка Теодора
22%
Ова супстанца слична напалму, државна тајна, помогла је да се добију поморске битке Грчка ватра
22%
Држава коју су крсташи основали 1204. после заузимања Византије {Латинско} царство
21%
Други назив за титулу цара (почиње на слово В) Василевс
12%
Бесплатно следовање пшенице је престало након што су Арапи освојили ову провинцију Египат
11%
No matching quizzes found
Score Distribution
Percent of People with Each Score
Percentile by Number Answered
Your Score History
You have not taken this quiz